书目信息 |
| 题名: |
黎曼博士的零点
|
|
| 作者: | 萨巴, 著 ;汪晓勤 译 | |
| 分册: | ||
| 出版信息: | 上海 上海教育出版社 2006.05 |
|
| 页数: | 291页 | |
| 开本: | 20cm | |
| 丛书名: | 通俗数学名著译丛 | |
| 单 册: | ||
| 中图分类: | O156-49 | |
| 科图分类: | ||
| 主题词: | 黎曼猜测--li man cai ce--普及读物 | |
| 电子资源: | ||
| ISBN: | 7-5444-0496-X | |
| 000 | 01108nam 2200277 450 | |
| 001 | 012006228015 | |
| 005 | 20061128093252.20 | |
| 010 | @a7-5444-0496-X@dCNY18.00 | |
| 100 | @a20061016d2006 km y0chiy0120 ea | |
| 101 | 1 | @achi@ceng |
| 102 | @aCN@b310000 | |
| 105 | @ay z 001yy | |
| 200 | 1 | @a黎曼博士的零点@Ali man bo shi de ling dian@f(英) 卡尔·萨巴著@F(ying)ka er·sa ba zhu@g汪晓勤等译@Gwang xiao qin deng yi |
| 210 | @a上海@c上海教育出版社@d2006.05 | |
| 215 | @a291页@d20cm | |
| 225 | 2 | @a通俗数学名著译丛@Atong su shu xue ming zhu yi cong |
| 300 | @a国家自然科学基金委员会数学天元基金资助 | |
| 320 | @a有索引 | |
| 330 | @a本书作者对在求解难题上做研究的数学家作了描绘,并对数作了精彩的解释,对我们数系深处的秘密进行了深刻的思考。书中不仅谈论了黎曼假设,而且还谈论了对于数学的热情,数学对于生活所产生的影响,及如何看待纯数学的哲学意义等。 | |
| 410 | 0 | @12001 @a通俗数学名著译丛 |
| 606 | 0 | @a黎曼猜测@Ali man cai ce@j普及读物 |
| 690 | @aO156-49@v4 | |
| 701 | 1 | @a萨巴,@Asa ba,@b卡尔@4著 |
| 702 | 0 | @a汪晓勤@Awang xiao qin@4译 |
| 801 | 0 | @aCN@c20061128 |
| 905 | @a10447@dO156-49@eS006 | |
| 黎曼博士的零点/(英) 卡尔·萨巴著/汪晓勤等译.-上海:上海教育出版社,2006.05 |
| 291页;20cm.-(通俗数学名著译丛) |
| 国家自然科学基金委员会数学天元基金资助 |
| ISBN 7-5444-0496-X:CNY18.00 |
| 本书作者对在求解难题上做研究的数学家作了描绘,并对数作了精彩的解释,对我们数系深处的秘密进行了深刻的思考。书中不仅谈论了黎曼假设,而且还谈论了对于数学的热情,数学对于生活所产生的影响,及如何看待纯数学的哲学意义等。 |
| ● |
| 相关链接 |
|
|
|
正题名:黎曼博士的零点
索取号:O156-49/S006
 
预约/预借
| 序号 | 登录号 | 条形码 | 馆藏地/架位号 | 状态 | 备注 |
| 1 | 224175 | 202241751 | 自科库401/401自科库 42排2列5层/ [索取号:O156-49/S006] | 在馆 | |
| 2 | 224176 | 202241760 | 自科库401/401自科库 42排2列5层/ [索取号:O156-49/S006] | 在馆 | |
| 3 | 224177 | 202241779 | 自科库401/401自科库 42排2列5层/ [索取号:O156-49/S006] | 在馆 |